Thick of It by KSI lyrics - Statistics

General Stats
  • This quiz has been taken 720 times
  • The average score is 250 of 416
Answer Stats
Hint Answer % Correct
Lyric I
98%
Lyric the
96%
Lyric thick
94%
Lyric it
93%
Lyric of
93%
Lyric in
91%
Lyric In
91%
Lyric I'm
90%
Lyric know
89%
Lyric everybody
88%
Lyric Everybody
88%
Lyric a
83%
Lyric to
81%
Lyric where
80%
Lyric They
78%
Lyric they
78%
Lyric knows
76%
Lyric my
76%
Lyric My
76%
Lyric ring
74%
Lyric me
73%
Lyric king
71%
Lyric pen
71%
Lyric snows
71%
Lyric froze
69%
Lyric screen
69%
Lyric no
67%
Lyric and
66%
Lyric crown
65%
Lyric for
65%
Lyric cold
63%
Lyric bling
62%
Lyric ice
62%
Lyric from
61%
Lyric From
61%
Lyric that
60%
Lyric when
60%
Lyric don't
59%
Lyric so
58%
Lyric this
58%
Lyric This
58%
Lyric just
57%
Lyric nothin'
57%
Lyric milli'
56%
Lyric prime
56%
Lyric skied
55%
Lyric is
52%
Lyric Where's
52%
Lyric by
51%
Lyric drama
51%
Lyric always
50%
Lyric goes
50%
Lyric That's
50%
Lyric story
49%
Lyric told
49%
Lyric I've
48%
Lyric how
47%
Lyric somethin'
47%
Lyric Somethin'
47%
Lyric Forty
46%
Lyric subs
46%
Lyric 'bout
45%
Lyric been
44%
Lyric See
44%
Lyric see
44%
Lyric or
43%
Lyric final
41%
Lyric heart
40%
Lyric ain't
39%
Lyric Ain't
39%
Lyric even
39%
Lyric form
39%
Lyric stars
38%
Lyric believe
37%
Lyric but
34%
Lyric reaching
34%
Lyric guess
33%
Lyric if
33%
Lyric ceiling
32%
Lyric through
31%
Lyric Smash
29%
Lyric down
27%
Lyric cause
26%
Lyric feet
24%
Lyric floor
24%
Lyric living
21%
Lyric out
21%
Lyric Yeah
21%
Lyric find
20%
Lyric still
20%
Lyric straight
19%
Lyric tours
19%
Lyric Went
19%
Lyric life
18%
Lyric rooms
18%
Lyric war
18%
Lyric knocked
16%
Lyric ready
16%
Lyric fight
14%
Lyric Life's
14%
Lyric sold-out
14%
Lyric Woah-oh-oh
14%
Lyric woah-oh-oh
14%
Lyric Woo
14%
Lyric you
14%
Lyric trust
13%
Lyric God
11%
Lyric heaven
11%
Lyric cruisin'
9%
Lyric lone'
9%
Lyric Highway
8%
Lyric faith
7%
Lyric dead
6%
Lyric gon'
6%
Lyric left
6%
Lyric save
6%
Lyric them
6%
Lyric break
5%
Lyric cast
5%
Lyric code
5%
Lyric hard
5%
Lyric man
5%
Lyric nobody
5%
Lyric people
5%
Lyric sun
5%
Lyric will
5%
Lyric mind
4%
Lyric sow
4%
Lyric wheel
4%
Lyric took
3%
Lyric Yeah-yeah
3%
Lyric ayy
2%
Lyric craked
2%
Lyric Nah
2%
Lyric nah
2%
Lyric Nah-nah-nah-nah
2%
Lyric Ooh-ooh
2%
No matching quizzes found
Score Distribution
Percent of People with Each Score
Percentile by Number Answered
Your Score History
You have not taken this quiz